О вибрациях гироприбора, обусловленных динамической неуравновешенностью ротора с учетом влияния жесткости гирокамеры; Тезисы докладов семнадцатой научно-технической и методической конференции

Bibliographic Details
Parent link:Тезисы докладов семнадцатой научно-технической и методической конференции.— 1965.— С. 27
Main Author: Камашев Ю. М.
Language:Russian
Published: 1965
Subjects:
Format: Book Chapter
KOHA link:https://koha.lib.tpu.ru/cgi-bin/koha/opac-detail.pl?biblionumber=590834

MARC

LEADER 00000naa0a2200000 4500
001 590834
005 20250623131714.0
035 |a (RuTPU)RU\TPU\tpu\380 
035 |a TPU00000380 
090 |a 590834 
100 |a 20011210d1965 k||y0rusy50 ca 
101 0 |a rus 
102 |a RU 
200 1 |a О вибрациях гироприбора, обусловленных динамической неуравновешенностью ротора с учетом влияния жесткости гирокамеры  |f Ю. М. Камашев 
463 1 |t Тезисы докладов семнадцатой научно-технической и методической конференции  |v С. 27  |d 1965 
610 1 |a механика 
610 1 |a гидромеханика 
610 1 |a аэромеханика 
610 1 |a труды учёных ТПУ 
700 1 |a Камашев  |b Ю. М. 
801 0 |a RU  |b 63413507  |c 20011210  |g PSBO 
801 2 |a RU  |b 63413507  |c 20050523  |g PSBO 
850 |a 63413507 
942 |c BK